=LDR 00000nam 2200000 4500 =001 INLIS000000000005669 =005 20200416094955 =035 ##$$a 0010-061300000005669 =008 200416################g##########0#ind## =041 ##$$a Ind =082 ##$$a 294.342 =090 ##$$a 294.342, Ike h =100 1#$$a Ikeda, Daisaku =245 1#$$a Hidup mutiara penuh rahasia, /$c Daisaku Ikeda ; penerjemah Iskandar =260 ##$$a Jakarta :$b Indira,$c 1990 =300 ##$$a iv, 310 hlm. ; $c 15x21 cm. =650 #4$$a Budha dan Budhisme - Filsafat =700 #$$a Iskandar =850 ##$$a NBPNMAT =020 ##$$a 979-8063-10-4 =084 ##$$a 294.342 IKE h =990 ##$$a 60.018 pro.93